Les Mégas-Evolutions !! - Statistiques

Statistiques générales
  • Ce quiz a été pris 773 fois
  • Le résultat moyen est 31 sur 48
Statistiques - réponses
Hint Réponse % Correct
2 Méga-Dracaufeu X
96%
3 Méga-Dracaufeu Y
96%
4 Méga-Tortank
94%
1 Méga-Florizarre
93%
23 Méga-Braségali
86%
24 Méga-Laggron
83%
14 Méga-Mewtwo X
81%
15 Méga-Mewtwo Y
81%
22 Méga-Jungko
80%
5 Méga-Dardargnan
77%
6 Méga-Roucarnage
72%
9 Méga-Ectoplasma
70%
7 Méga-Alakazam
68%
37 Méga-Drattak
68%
25 Méga-Gardevoir
68%
41 Méga-Rayquaza
68%
12 Méga-Léviator
66%
44 Méga-Lucario
65%
38 Méga-Métalosse
65%
46 Méga-Gallame
63%
21 Méga-Tyranocif
63%
26 Méga-Ténéfix
62%
27 Méga-Mysdibule
61%
36 Méga-Oniglali
61%
32 Méga-Camérupt
59%
48 Méga-Diancie
59%
11 Méga-Scarabrute
59%
31 Méga-Sharpedo
59%
17 Méga-Steelix
59%
30 Méga-Elecsprint
58%
39 Méga-Latias
58%
40 Méga-Latios
58%
10 Méga-Kangourex
57%
16 Méga-Pharamp
57%
43 Méga-Carchacrok
56%
47 Méga-Nanméouie
56%
35 Méga-Absol
54%
28 Méga-Galeking
54%
18 Méga-Cizayox
53%
20 Méga-Démolosse
53%
33 Méga-Altaria
51%
8 Méga-Flagadoss
51%
19 Méga-Scarhino
51%
42 Méga-Lockpin
50%
13 Méga-Ptéra
50%
34 Méga-Branette
46%
29 Méga-Charmina
46%
45 Méga-Blizzaroi
41%
Aucun quiz correspondant
Distribution des résultats
% des personnes avec chaque résultat
Percentile par nombre de réponses
Votre historique - résultats
Vous n’avez pas pris ce quiz